[Event "Bundesliga 8485"]
[Site "Germany"]
[Date "1985.??.??"]
[Round "?"]
[White "Kreutzkamp, Reinhold"]
[Black "Hertneck, Gerald"]
[Result "1/2-1/2"]
[WhiteElo "2260"]
[BlackElo "2405"]

1.e4 g6 2.d4 Bg7 3.Nc3 d6 4.Nge2 Nf6 5.g3 Nbd7 6.Bg2 c5 7.O-O cxd4 8.Nxd4 O-O
9.h3 a6 10.Be3 Nc5 11.Qd2 Re8 12.Rad1 Bd7 13.Nb3 Nxb3 14.axb3 Bc6 15.f4 Qc7
16.Qf2 b5 17.Bd4 b4 18.e5 Bxg2 19.Qxg2 bxc3 20.exf6 Bxf6 21.bxc3 e5 22.fxe5 Bxe5
23.Rf2 Rac8 24.c4 a5 25.Rfd2 a4 26.bxa4 Qxc4 27.a5 Qa4 28.c3 Qxa5 29.h4 Re6
30.Kh2 Rce8 31.Rf2 Bxd4 32.cxd4 d5 33.Rdf1 f5 34.g4 Re4 35.gxf5 Rxh4+ 36.Kg1 Ree4
37.fxg6 Rhg4 38.gxh7+ Kxh7 39.Rf7+ Kg6 40.R1f6+ Kg5 41.Rf5+ Kg6 42.R5f6+  1/2-1/2

[Event "Hamburg HSV"]
[Site "Hamburg"]
[Date "1985.??.??"]
[Round "?"]
[White "Schulte, Oliver"]
[Black "Behrhorst, Frank"]
[Result "1/2-1/2"]
[WhiteElo "2345"]
[BlackElo "2320"]

1.d4 g6 2.e4 Bg7 3.Nc3 d6 4.g3 b6 5.Bg2 Bb7 6.Nge2 e6 7.O-O Ne7 8.Bg5 h6
9.Be3 Nd7 10.Qd2 a6 11.Rad1 e5 12.h3 exd4 13.Nxd4 Ne5 14.b3 Qd7 15.Kh2 O-O-O
16.Nd5  1/2-1/2

[Event "Hamburg-ch"]
[Site "Hamburg"]
[Date "1985.??.??"]
[Round "?"]
[White "Stein, Bernd"]
[Black "Fette, Martin"]
[Result "1/2-1/2"]
[WhiteElo "2380"]
[BlackElo "2290"]

1.d4 g6 2.e4 Bg7 3.Nc3 d6 4.f4 c6 5.Nf3 Bg4 6.Be3 Qb6 7.Qd2 Bxf3 8.gxf3 Nd7
9.Bh3 O-O-O 10.O-O Kb8 11.a4 Ngf6 12.b4 Nh5 13.b5 Qa5 14.bxc6 bxc6 15.Rfb1+ Nb6
16.Qd3 e5 17.fxe5 dxe5 18.Ne2 Nf4 19.Nxf4 exf4 20.Bxf4+ Ka8 21.c3 f5 22.exf5 Nd5
23.Bd2 Qc7 24.Bg2 gxf5 25.Kh1 f4 26.Qa6 Rd6 27.c4 Ne3 28.Bxe3 fxe3 29.Ra3 Bxd4
30.c5 Bxc5 31.Rab3 Rhd8 32.Rb7 Qc8 33.Bf1 Rg6 34.Be2 Rdg8 35.f4 Rg1+ 36.Rxg1 Rxg1+
37.Kxg1 Qxb7 38.Qc4 Qb1+  1/2-1/2

[Event "Jarvenpaa"]
[Site "Jarvenpaa"]
[Date "1985.??.??"]
[Round "?"]
[White "Raaste, Eero J"]
[Black "Chernin, Alexander"]
[Result "1-0"]
[WhiteElo "2355"]
[BlackElo "2560"]

1.e4 g6 2.d4 Bg7 3.Nc3 d6 4.Bg5 Nc6 5.Nge2 h6 6.Be3 Nf6 7.f3 Nd7 8.Qd2 Nb6
9.b3 e6 10.g4 Qf6 11.Bg2 e5 12.g5 Qe7 13.d5 Nb4 14.Nb5 Na6 15.h4 hxg5 16.hxg5 Rxh1+
17.Bxh1 Bd7 18.a4 Kf8 19.Nec3 Be8 20.Bg2 Kg8 21.O-O-O Nc5 22.Qf2 Nc8 23.Rh1 c6
24.Na3 Na6 25.Bf1 Nb4 26.Nc4 Qc7 27.f4 b5 28.f5 f6 29.gxf6 Bxf6 30.fxg6 Qg7
31.Bh3  1-0

[Event "Jurmala"]
[Site "Jurmala"]
[Date "1985.??.??"]
[Round "7"]
[White "Inkiov, Ventzislav"]
[Black "Hoi, Carsten"]
[Result "1/2-1/2"]
[WhiteElo "2490"]
[BlackElo "2420"]

1.e4 g6 2.d4 Bg7 3.Nc3 d6 4.Nf3 Nf6 5.Be2 O-O 6.O-O Bg4 7.Be3 Nc6 8.Qd2 e5
9.dxe5 dxe5 10.Rad1 Qc8 11.Qc1 Rd8 12.Rxd8+ Qxd8 13.Rd1  1/2-1/2

[Event "Jurmala"]
[Site "Jurmala"]
[Date "1985.??.??"]
[Round "9"]
[White "Kengis, Edvins"]
[Black "Hoi, Carsten"]
[Result "1-0"]
[WhiteElo "2430"]
[BlackElo "2420"]

1.e4 g6 2.d4 Bg7 3.Nc3 d6 4.Nf3 Nf6 5.Be2 O-O 6.O-O Bg4 7.Be3 Nc6 8.d5 Bxf3
9.Bxf3 Ne5 10.Be2 c6 11.a4 cxd5 12.exd5 Qa5 13.Ra3 Rfc8 14.Rb3 Qc7 15.Re1 Ned7
16.Bd4 Nc5 17.Rb4 a6 18.Rc4 Qd8 19.a5 Rc7 20.b4 Ncd7 21.Rxc7 Qxc7 22.Na4 Re8
23.c4 h5 24.h3 e5 25.Be3 Kh7 26.c5 dxc5 27.bxc5 Bf8 28.d6 Qc6 29.Bc4 Bh6
30.Bxh6 Kxh6 31.Bxf7 Rf8 32.Be6 Kg7 33.Qc2 Qb5 34.Rb1 Qxa5 35.Bxd7 Nxd7 36.Rxb7 Qe1+
37.Kh2 Rxf2 38.Rxd7+ Kh6 39.Qc3 Qe4 40.Qg3  1-0

[Event "Jurmala"]
[Site "Jurmala"]
[Date "1985.??.??"]
[Round "13"]
[White "Vitolinsh, Alvis"]
[Black "Hoi, Carsten"]
[Result "0-1"]
[WhiteElo "2410"]
[BlackElo "2380"]

1.e4 g6 2.d4 Bg7 3.Nc3 d6 4.h3 a6 5.g4 b5 6.Bg2 Bb7 7.Nge2 Nd7 8.O-O e6 9.Ng3 c5
10.Be3 Ne7 11.Qd2 O-O 12.Rad1 cxd4 13.Bxd4 Ne5 14.b3 N7c6 15.Be3 Qa5 16.Nce2 b4
17.f4 Nd7 18.e5 d5 19.Nd4 Rac8 20.a3 Nxd4 21.Bxd4 Qc7 22.Qxb4 a5 23.Qb5 Ra8
24.Qe2 Ba6 25.c4 a4 26.Qb2 axb3 27.cxd5 Bxf1 28.Nxf1 Rab8 29.Rc1 Qa5 30.Ne3 Nb6
31.d6 Na4 32.Qb1 b2 33.Rc4 Rfc8 34.Bc6 Rxc6 35.Rxc6 Qd2 36.d7 Qxd4 37.Rc8+ Bf8
38.d8=Q Qxe3+ 39.Kg2 Rxc8 40.Qxc8 Qd2+  0-1

[Event "Kecskemet op"]
[Site "Kecskemet "]
[Date "1985.??.??"]
[Round "4"]
[White "Honfi, Karoly"]
[Black "Poor, Istvan"]
[Result "1-0"]
[WhiteElo "2405"]
[BlackElo "2250"]

1.e4 g6 2.d4 Bg7 3.Nc3 d6 4.Nge2 Nf6 5.g3 O-O 6.Bg2 e5 7.h3 Nc6 8.Be3 Bd7
9.O-O Qc8 10.Kh2 a6 11.d5 Ne7 12.Qd2 Nh5 13.g4 f5 14.exf5 Nf4 15.Nxf4 exf4
16.Bd4 Bxd4 17.Qxd4 gxf5 18.g5 Ng6 19.Ne2 Qd8 20.Rg1 Qxg5 21.Bf3 Qh4 22.Nxf4 Rf7
23.Rg3 Rg7 24.Rag1 Be8 25.c3 Rc8 26.Ne6 Qxd4 27.cxd4 Re7 28.h4 Kf7 29.h5 Nh4
30.Bd1 Kf6 31.Rh3 c6 32.Rxh4 cxd5 33.Nf4 Bf7 34.Bb3 Re4 35.h6 Rxd4 36.Nh5+ Ke5
37.Rxd4 Kxd4 38.Rd1+ Ke5 39.Re1+ Kd4 40.Nf6 b5 41.Re7  1-0

[Event "Lugano op"]
[Site "Lugano"]
[Date "1985.??.??"]
[Round "2"]
[White "Peelen, Piet"]
[Black "Arapovic, Vitomir"]
[Result "1-0"]
[WhiteElo "2225"]
[BlackElo "2405"]

1.e4 g6 2.d4 Bg7 3.Nc3 d6 4.f4 c6 5.Nf3 Bg4 6.Be3 Qb6 7.Qd2 Bxf3 8.gxf3 Nd7
9.O-O-O Qa5 10.Kb1 b5 11.Bd3 Nb6 12.Rhg1 Nc4 13.Bxc4 bxc4 14.f5 Rb8 15.Ne2 Qxd2
16.Rxd2 Nf6 17.c3 O-O 18.Ng3 e6 19.Bf4 Rfd8 20.h4 gxf5 21.Nxf5 exf5 22.Rdg2 Kf8
23.Rxg7 Nh5 24.Bxd6+  1-0

[Event "WchT U26"]
[Site "Mendoza"]
[Date "1985.??.??"]
[Round "2"]
[White "Belkhodja, Slim"]
[Black "Azmaiparashvili, Zurab"]
[Result "0-1"]
[WhiteElo "2385"]
[BlackElo "2465"]

1.e4 d6 2.d4 g6 3.Nc3 Bg7 4.Nf3 Nf6 5.Be2 O-O 6.O-O Nc6 7.Re1 e5 8.dxe5 dxe5
9.Qxd8 Rxd8 10.Bg5 Be6 11.Rad1 h6 12.Be3 Nb4 13.Rxd8+ Rxd8 14.Rc1 Nc6 15.Rd1 Rxd1+
16.Bxd1 a6 17.Ne1 Nd4 18.a3 Nb5 19.Nxb5 axb5 20.f3 Ne8 21.Be2 Nd6 22.Bc5 Bd7
23.Bxd6 cxd6 24.c4 bxc4 25.Bxc4 Bf6 26.b3 b5 27.Bd5 Bd8 28.Nd3 Ba5 29.Kf1 Kg7
30.Ke2 f5 31.Nb2 fxe4 32.fxe4 Bc3 33.Nd3 h5 34.h3 g5 35.Ne1 g4 36.hxg4 Bxg4+
37.Nf3 Bd7 38.Nh4 Kf6 39.Nf5 Bb2 40.Nxd6 Bxa3 41.Nf5 Kg5 42.Kf3 h4 43.Bf7 Bc5
44.Bd5 b4 45.Bc4 Bg1 46.Ke2 Bc6 47.Kf3 Be8 48.Ke2 Bh5+ 49.Kd3 Bf2 50.Ng7 Bf3
51.Ne6+ Kf6 52.gxf3 h3 53.Ke2 h2 54.Kxf2 h1=Q 55.Bd5 Qc1 56.Kg3 Qg1+ 57.Kh3 Qf2
58.Kg4 Qg2+ 59.Kh4 Qxf3 60.Nd8 Kg6 61.Nc6 Kh6 62.Ne7 Qf4+ 63.Kh3 Kh5 64.Nc6 Qf3+  0-1

[Event "WchT U26"]
[Site "Mendoza"]
[Date "1985.??.??"]
[Round "4"]
[White "Barreto, Luiz NM"]
[Black "Azmaiparashvili, Zurab"]
[Result "0-1"]
[WhiteElo "2220"]
[BlackElo "2465"]

1.d4 d6 2.e4 g6 3.Nc3 Bg7 4.Be3 a6 5.Qd2 b5 6.a4 b4 7.Nd1 a5 8.c3 Nf6 9.f3 bxc3
10.Nxc3 O-O 11.Bd3 Nc6 12.Rc1 Nb4 13.Bb1 Nd7 14.Nge2 c5 15.d5 Ne5 16.Nb5 e6
17.O-O exd5 18.exd5 Bb7 19.Bh6 Bxh6 20.Qxh6 Nxd5 21.Rcd1 Qe7 22.Ng3 f5 23.Rfe1 Qf6
24.Qc1 Rac8 25.f4 Nd7 26.Qd2 N7b6 27.b3 c4 28.Qxa5 cxb3 29.Qd2 Nc4 30.Qd4 Nde3
31.Qxf6 Rxf6 32.Rd3 Nxg2 33.Re7 Ba8 34.Rxb3 Nxf4 35.Rc3 Nd5 36.Rxc4  0-1

[Event "WchT U26"]
[Site "Mendoza"]
[Date "1985.??.??"]
[Round "9"]
[White "Valkesalmi, Kimmo"]
[Black "Schwanek, Carlos"]
[Result "1-0"]
[WhiteElo "2340"]
[BlackElo "2220"]

1.e4 d6 2.d4 g6 3.Nc3 Bg7 4.Be3 Nf6 5.h3 c6 6.a4 a5 7.g4 e5 8.Bg2 Qe7 9.Nge2 O-O
10.Qd2 Na6 11.O-O Nb4 12.d5 Ne8 13.f4 f5 14.exf5 gxf5 15.g5 Nc7 16.fxe5 Bxe5
17.dxc6 bxc6 18.Rae1 Ba6 19.Kh1 Rab8 20.Rg1 Ne6 21.Bf3 Kh8 22.h4 c5 23.Nf4 Nxf4
24.Bxf4 Bb7 25.Bxb7 Qxb7+ 26.Kh2 Bxf4+ 27.Qxf4 Nxc2 28.g6 Qg7 29.Re2 Nd4
30.Reg2 h6 31.Kh1 Rfe8 32.Qxd6 Nf3 33.Rf1 Nxh4 34.Rh2 Nxg6 35.Rg1 Rg8 36.Rxg6 Qb7+
37.Rhg2 Rxg6 38.Qxg6 Rf8 39.Qxh6+ Qh7 40.Qxh7+ Kxh7 41.Rd2 f4 42.Kg2 Kg6
43.Kf3 Kf6 44.Rd6+ Kf7 45.Ra6 c4 46.Rc6  1-0

[Event "WchT U26"]
[Site "Mendoza"]
[Date "1985.??.??"]
[Round "10"]
[White "Garcia, Alvaro"]
[Black "Schwanek, Carlos"]
[Result "0-1"]
[WhiteElo "2255"]
[BlackElo "2220"]

1.e4 g6 2.d4 Bg7 3.Nc3 d6 4.f4 Nf6 5.Nf3 O-O 6.Bd3 Na6 7.e5 Nd7 8.Ne4 c5
9.c3 cxd4 10.cxd4 Nb4 11.O-O dxe5 12.dxe5 Qb6+ 13.Kh1 Rd8 14.Ne1 Nf8 15.Qf3 Nxd3
16.Nxd3 Qb5 17.Rd1 Bf5 18.Nc3 Qc4 19.Nf2 Bd7 20.b3 Qe6 21.Be3 Bc6 22.Qh3 f6
23.Qxe6+ Nxe6 24.exf6 exf6 25.Rxd8+ Rxd8 26.Rd1 Rxd1+ 27.Ncxd1 f5 28.Nd3 b6
29.N1b2 Be4 30.Kg1 Kf8 31.Kf2 Ke7 32.g3 Nd4 33.Ne5 Nc2 34.Bd2 Ke6 35.Nbd3 Bf8
36.h3 Kd5 37.Bc3 Bd6 38.Ke2 Nd4+ 39.Ke3 Nb5 40.Bb4 Bc7 41.Nf7 a5 42.Bd2 Na3
43.Bc3 b5 44.Ng5 Bb6+ 45.Ke2 Nb1 46.Bb2 Bd4 47.Bxd4 Kxd4 48.Ne5 Nc3+ 49.Kd2 Nxa2
50.Nxh7 a4 51.bxa4 bxa4 52.Nf6 a3 53.Nxe4 fxe4 54.g4 Nb4 55.Kc1 Nd3+ 56.Kb1 Nxe5  0-1

[Event "WchT U26"]
[Site "Mendoza"]
[Date "1985.??.??"]
[Round "12"]
[White "Russek, Guil"]
[Black "Schwanek, Carlos"]
[Result "1/2-1/2"]
[WhiteElo "2280"]
[BlackElo "2220"]

1.e4 g6 2.d4 Bg7 3.Nc3 d6 4.Be3 Nf6 5.f3 c6 6.a4 O-O 7.Qd2 e5 8.Nge2 Nbd7
9.g4 Re8 10.Ng3 exd4 11.Bxd4 c5 12.Be3 Ne5 13.Be2 Be6 14.O-O Nc4 15.Bxc4 Bxc4
16.Rfd1 d5 17.Bxc5 Qc7 18.Bd4 dxe4 19.Ncxe4 Rad8 20.Qf2 Nxe4 21.Nxe4 Be2
22.Qxe2 Rxd4 23.Nf6+ Bxf6 24.Qxe8+ Kg7 25.Qe2 Qb6 26.Kg2 Rb4 27.Rab1 Qc6
28.h3 Rxa4 29.c3 Qc7 30.Ra1 Rf4 31.Rd5 a6 32.Rad1 h6 33.Rd7 Qc5 34.R1d5 Qb6
35.R5d6 Qb3 36.Qf2 b5 37.Rxa6 h5 38.Raa7 Bg5 39.h4 Bxh4 40.Qxh4 hxg4 41.Qf2 Qe6
42.Rd3 Qf5 43.Re3 Qh5 44.Qg3 gxf3+ 45.Kf2 Qf5 46.Ra1 Qc2+ 47.Kf1 Qf5 48.Rd1 f2
49.Re2 Rg4 50.Rxf2 Rxg3 51.Rxf5 gxf5 52.Kf2 Rh3 53.Kg2 Re3 54.Kf2 Re5 55.Kf3 Kg6
56.Rd8 Rc5 57.Rb8 Kg5 58.Rg8+ Kf6 59.Rb8 Ke5 60.Re8+ Kd5 61.Kf4 Kc4 62.Rd8 Kb3
63.Rd2 f6 64.Kf3 Re5 65.Kf4 Ka2 66.Kf3 Re8 67.Rd5 Re5 68.Rd2 Kb3 69.Kf4 Re1
70.Kxf5 Rb1 71.Rd5 Rf1+ 72.Ke6 Kc4 73.b3+  1/2-1/2

[Event "Montpellier zt"]
[Site "Montpellier"]
[Date "1985.??.??"]
[Round "?"]
[White "Van der Wiel, John TH"]
[Black "Seret, Jean Luc"]
[Result "1-0"]
[WhiteElo "2500"]
[BlackElo "2455"]

1.e4 g6 2.d4 Bg7 3.Nc3 d6 4.f4 Nf6 5.Nf3 O-O 6.Bd3 Nc6 7.O-O e5 8.fxe5 dxe5
9.d5 Ne7 10.Nxe5 c6 11.Bg5 cxd5 12.Kh1 Qd6 13.Nf3 dxe4 14.Nxe4 Nxe4 15.Bxe4 Qb4
16.Qe1 Qxe1 17.Raxe1 Nc6 18.b4 Be6 19.b5 Na5 20.Bd2 Nc4 21.Bb4 Rfb8 22.Ng5 a5
23.bxa6 Rxa6 24.Nxe6 fxe6 25.Bd3 b5 26.Re4 Ne5 27.Be2 Rc6 28.Re1 h5 29.a3 Kh7
30.Rxe5 Bxe5 31.Bf3 Rxc2 32.Rxe5 Rc1+ 33.Re1 Rxe1+ 34.Bxe1 Kg7 35.Bc3+ Kf7
36.Kg1 Rc8 37.Bb4 Kf6 38.Be2 Rb8 39.Kf2 Ke5 40.Ke3 Rb7 41.Bc3+  1-0

[Event "Munich op"]
[Site "Munich"]
[Date "1985.??.??"]
[Round "?"]
[White "Daurer, Walter"]
[Black "Hertneck, Gerald"]
[Result "1/2-1/2"]
[WhiteElo "2200"]
[BlackElo "2405"]

1.e4 g6 2.d4 Bg7 3.Nc3 d6 4.Be3 Nd7 5.Qd2 c6 6.f3 b5 7.Nh3 a6 8.Nf2 Ngf6
9.Be2 Bb7 10.O-O O-O 11.Ncd1 e5 12.c3 Re8 13.Nd3 Qc7 14.N1f2 c5 15.Rac1 c4
16.Nb4 Rad8 17.Bg5 d5 18.exd5 Nb6 19.Ng4 Nxg4 20.Bxd8 Qxd8 21.fxg4 exd4 22.cxd4 Nxd5
23.Nc2 Ne3 24.Nxe3 Qxd4 25.Rcd1 Rxe3 26.Qxd4 Bxd4 27.Rxd4 Rxe2 28.Rf2 Re1+  1/2-1/2

[Event "Munich op"]
[Site "Munich"]
[Date "1985.??.??"]
[Round "?"]
[White "Ploetz, Werner"]
[Black "Taeger, Winfried"]
[Result "1/2-1/2"]
[WhiteElo "2245"]
[BlackElo "2200"]

1.e4 g6 2.d4 Bg7 3.Nc3 d6 4.f4 c6 5.Nf3 Nf6 6.Be2 Bg4 7.Be3 Qb6 8.Qd2 d5
9.e5 Ne4 10.Nxe4 dxe4 11.Ng5 Bxe2 12.Qxe2 Qxb2 13.O-O Qa3 14.Nxe4 O-O 15.c4 Nd7
16.Rab1 Rab8 17.Rf3 f6 18.e6 f5 19.Ng5 Nf6 20.d5 cxd5 21.Bd4 Qa6 22.Bxf6 Bxf6
23.Rh3 Bxg5 24.fxg5 Qxc4 25.Qe1 Qe4 26.Re3 Qf4 27.Rd1 Rfd8 28.Red3 Qxg5 29.Rxd5 Rxd5
30.Rxd5 Rc8 31.Rd1 Rc2 32.g3 f4 33.Rd2 Qc5+ 34.Kh1 Rc1 35.Rd1 Qd5+ 36.Rxd5 Rxe1+
37.Kg2 Rxe6 38.Rd7 Kf7 39.gxf4 Re2+ 40.Kg3 Rxa2 41.Rxb7 a5 42.Ra7 a4 43.Ra6 a3
44.h3 Ra1 45.Kg2 Ke8 46.Ra7 Kd8 47.h4 h5 48.Kh2 a2 49.Kg2 Kc8 50.Ra4 Kb7
51.Ra3 Kb6 52.Ra8 Kb5 53.Ra7 Kc4 54.Ra4+ Kd3 55.Ra7 Ke4 56.Rxe7+ Kxf4 57.Ra7 Kg4
58.Ra4+  1/2-1/2

[Event "DEN-ch"]
[Site "Naestved"]
[Date "1985.??.??"]
[Round "?"]
[White "Reinert, Mads"]
[Black "Hoi, Carsten"]
[Result "0-1"]
[WhiteElo "2260"]
[BlackElo "2380"]

1.e4 g6 2.d4 Bg7 3.Nc3 d6 4.f4 Nf6 5.Nf3 O-O 6.Bd3 Nbd7 7.O-O e5 8.fxe5 dxe5
9.dxe5 Nxe5 10.Nxe5 Qd4+ 11.Kh1 Qxe5 12.Bf4 Qc5 13.Qd2 Be6 14.b4 Qc6 15.Be5 Ng4
16.Bxg7 Kxg7 17.h3 Ne5 18.Ne2 Rad8 19.Ng3 f6 20.Rad1 Bxa2 21.Ne2 Bg8 22.Qe3 a6
23.Nf4 Rd6 24.Qg3 Kh8 25.Rf2 Qd7 26.Rdf1 Qg7 27.Qe3 Rfd8 28.g4 Qh6 29.Qg3 Qg7
30.h4 Qd7 31.g5 Qg4 32.Qh2 Qd7 33.Rg2 Nxd3 34.cxd3 f5 35.h5 fxe4 36.Nxg6+ Rxg6
37.hxg6 Qg7 38.Rgf2 exd3 39.Rf7 Bxf7 40.gxf7 d2 41.Qg1 Qxf7 42.Rxf7 d1=Q
43.Qxd1 Rxd1+ 44.Kg2 Rb1  0-1

[Event "Nikea op"]
[Site "Nikea"]
[Date "1985.??.??"]
[Round "?"]
[White "Ghinda, Mihail Viorel"]
[Black "Rukavina, Josip"]
[Result "1/2-1/2"]
[WhiteElo "2475"]
[BlackElo "2470"]

1.e4 d6 2.d4 g6 3.Nc3 Bg7 4.Be3 c6 5.a4 a5 6.h3 Nd7 7.Nf3 Qc7 8.Be2 Ngf6
9.O-O O-O 10.Qd2 Re8 11.Rfd1 e5 12.dxe5 dxe5 13.Bc4 Nb6 14.Nxe5 Be6 15.Bxe6  1/2-1/2

[Event "Paz e Amizade"]
[Site "Paz e Amizade"]
[Date "1985.??.??"]
[Round "?"]
[White "Antunes, Antonio"]
[Black "Davies, Nigel R"]
[Result "1/2-1/2"]
[WhiteElo "2460"]
[BlackElo "2355"]

1.e4 g6 2.d4 Bg7 3.Nc3 d6 4.Be3 a6 5.a4 Nc6 6.d5 Na7 7.Nf3 Nf6 8.Be2 O-O
9.h3 c5 10.O-O Rb8 11.e5 Nd7 12.exd6 exd6 13.Ra2 b5 14.axb5 Nxb5 15.Ne4 Qe7
16.Ned2 Nf6 17.c4 Nc7 18.Bd3 Ncxd5 19.cxd5 Nxd5 20.Bg5 Qc7 21.Ne4 Nb4 22.Ra4 d5
23.Nf6+ Kh8 24.Bb1 Be6 25.Re1 d4 26.Qd2 Qb6 27.Ra3 Nd5 28.Ne4 Rfc8 29.Bh6 Qxb2
30.Bxg7+ Kxg7 31.Qxb2 Rxb2 32.Rxa6 Nf4 33.Neg5 Ne2+ 34.Kh2 Bb3 35.Bd3 Nf4
36.Bf1 h6 37.Ne4 Ne6 38.Rd6 Rc7 39.Kg1 Kf8 40.Rc1 Ke7 41.Rb6 Rc2 42.Re1 Bd5
43.Bd3 Ra2 44.Rb5 Ra3 45.Nxc5 Bxf3 46.Nxe6 fxe6 47.Bxg6 Kf6 48.gxf3 Rg7 49.Kf1 Rxg6
50.f4 Ra6  1/2-1/2

[Event "SVK-ch"]
[Site "Piestany"]
[Date "1985.??.??"]
[Round "5"]
[White "Matejov, J."]
[Black "Biro, Karol"]
[Result "0-1"]
[WhiteElo "2200"]
[BlackElo "2200"]

1.e4 g6 2.d4 Bg7 3.Nc3 d6 4.Be2 Nc6 5.Be3 Nf6 6.h4 h5 7.Qd2 a6 8.Nh3 Ng4
9.Bxg4 hxg4 10.Ng1 e5 11.d5 Nd4 12.O-O-O Bf6 13.g3 c5 14.dxc6 bxc6 15.Nge2 Nxe2+
16.Nxe2 Be7 17.c4 Be6 18.Qc3 Qc7 19.h5 g5 20.Kb1 f6 21.Qd3 Rb8 22.Rc1 Qb7
23.Rc2 Bf7 24.Nc3 Rxh5 25.Rxh5 Bxh5 26.Nd1 Bg6 27.Nc3 Kf8 28.Bc1 Kg7 29.Re2 Qb4
30.b3 Rh8 31.Kb2 Rh1 32.Nb1 Qb8 33.Nc3 Qc8 34.Qe3 Qb8 35.Qd3 Bd8 36.c5 d5
37.Qxa6 d4 38.Nb1 Qc7 39.Qd3 Qa5 40.Rc2 Qe1 41.Nd2 Ba5 42.Ka3 Bc3 43.Bb2 Bxb2+
44.Rxb2 Qxf2 45.Qa6 Qxg3 46.Qxc6 Qc3 47.Nc4 Bf7 48.Rf2 Rh6 49.Qc7 Rh8 50.Qa7 g3
51.Nd6 Ra8 52.Nf5+ Kh7 53.Qxa8 Qxc5+ 54.b4 Qc3+ 55.Ka4 gxf2 56.Qf8 Qc2+ 57.Kb5 f1=Q+
58.Kb6 Qxf5 59.Qxf7+ Kh6 60.exf5 Qxf5 61.a4 g4 62.a5 g3 63.a6 g2 64.Qf8+ Kg5
65.a7 g1=Q 66.Qg8+ Qg6 67.a8=Q d3+ 68.Kb5 Kf4 69.Qh8 Q6g5 70.Qa2 e4+ 71.Ka6 Ke3
72.Qh3+ Q1g3 73.Qhe6 Q5e5 74.Qb6+ Qd4 75.Qxd4+ Kxd4 76.Qb2+ Ke3 77.Qxf6 Ke2
78.Qh6 e3 79.b5 d2 80.Qh5+ Qf3 81.Qh2+ Kf1  0-1

[Event "SVK-ch"]
[Site "Piestany"]
[Date "1985.??.??"]
[Round "13"]
[White "Franzen, Josef"]
[Black "Tibensky, Robert"]
[Result "1-0"]
[WhiteElo "2355"]
[BlackElo "2340"]

1.e4 g6 2.d4 Bg7 3.Nc3 d6 4.f4 c6 5.Nf3 Bg4 6.Be3 Qb6 7.Qd2 Bxf3 8.gxf3 Nd7
9.O-O-O Qa5 10.Kb1 b5 11.f5 Nb6 12.Bd3 O-O-O 13.Rhg1 Kb8 14.Qf2 Ka8 15.h4 b4
16.Ne2 Nf6 17.c4 bxc3 18.Nxc3 Rb8 19.Rc1 Rhc8 20.Ka1 Bh8 21.fxg6 hxg6 22.Rg5 e5
23.dxe5 dxe5 24.Bd2 Na4 25.Nxa4 Qxa4 26.Rgg1 Nd7 27.Rc3 Qb4 28.Be3 Rc7 29.Rgc1 Bf6
30.Rxc6 Rxc6 31.Rxc6 Bxh4 32.Rc7 Qa5 33.Qc2 Rb7 34.Rxd7  1-0

[Event "Nordic-chT"]
[Site "Pohja"]
[Date "1985.??.??"]
[Round "?"]
[White "Wiese Jozwiak, Malgorzata"]
[Black "Sorensen, P."]
[Result "1-0"]
[WhiteElo "2180"]
[BlackElo "1905"]

1.e4 g6 2.d4 Bg7 3.Nc3 d6 4.g3 Nd7 5.Bg2 c5 6.Nge2 Rb8 7.a4 b6 8.O-O cxd4
9.Nxd4 Bb7 10.Be3 Ngf6 11.Qe2 Nc5 12.e5 dxe5 13.Nc6 Bxc6 14.Bxc6+ Ncd7 15.Rad1 Qc8
16.Bb5 O-O 17.Bg5 Rd8 18.Rd2 Qc7 19.Bxd7 Rxd7 20.Rxd7 Nxd7 21.Nd5 Qb7 22.Nxe7+ Kf8
23.Qd2 f6 24.Qd6 fxg5 25.Nc6+ Kg8 26.Qe6+ Kh8 27.Nxb8 Nf8 28.Qe8 Qe4 29.Qc6 Qb4
30.Nd7 Qxb2 31.Nxf8 Bxf8 32.Rd1 Qb4 33.Rd7 e4 34.Qf6+  1-0

[Event "Prague op"]
[Site "Prague"]
[Date "1985.??.??"]
[Round "?"]
[White "Wiedenkeller, Michael"]
[Black "Leiner, Raimund"]
[Result "1-0"]
[WhiteElo "2465"]
[BlackElo "2200"]

1.d4 d6 2.e4 g6 3.Nc3 Bg7 4.Be3 c6 5.Qd2 b5 6.a3 a6 7.Nf3 Nd7 8.Be2 Nb6 9.O-O Nf6
10.Bh6 O-O 11.Qg5 Ng4 12.Bxg7 Kxg7 13.h3 Nh6 14.Rad1 d5 15.Bd3 f5 16.exf5 Bxf5
17.Rfe1 Ra7 18.Ne2 Qd6 19.Ng3 Bxd3 20.Nh5+ Kg8 21.Qxh6 gxh5 22.Re6 Qf4 23.cxd3 Qxh6
24.Rxh6 Rf6 25.Rxh5 a5 26.Re5 h6 27.Re2 b4 28.Rc2 Nd7 29.Ne5 Rc7 30.Rdc1 Nxe5
31.dxe5 Rf5 32.d4 Rf4 33.Rd2 bxa3 34.bxa3 Kf7 35.Rc5 a4 36.Ra5 h5 37.Rxa4 c5
38.Ra5 Ke6 39.Rxc5 Rxc5 40.dxc5 Kxe5 41.Re2+ Kf6 42.Rc2 Ra4 43.c6 Ra8 44.c7 Rc8
45.Kf1 e5 46.Ke2 Kf5 47.Kd3 Ke6 48.a4 Kd6 49.a5 Kd7 50.a6 Kd6 51.a7 Kd7 52.g3  1-0

[Event "Prague zt"]
[Site "Prague"]
[Date "1985.??.??"]
[Round "4"]
[White "Sznapik, Aleksander"]
[Black "Grigorov, Jordan N"]
[Result "1-0"]
[WhiteElo "2450"]
[BlackElo "2435"]

1.e4 g6 2.d4 Bg7 3.Nc3 d6 4.f4 Nc6 5.Be3 Nf6 6.Be2 O-O 7.Nf3 e6 8.Qd2 b6
9.e5 Ng4 10.Bg1 dxe5 11.fxe5 Bb7 12.a3 f6 13.Ng5 Bh6 14.Bxg4 Bxg5 15.Bxe6+ Kh8
16.Qd3 Qe7 17.h4 Bh6 18.h5 g5 19.Ba2 Nxe5 20.dxe5 Qxe5+ 21.Ne2 Bxg2 22.Bd4 Qe7
23.Rg1 Be4 24.Qe3 Rae8 25.Rf1 c5 26.Bc3 Qg7 27.Qf2 g4 28.Bxf6 Rxf6 29.Qxf6 Bf3
30.Qxg7+ Kxg7 31.Bc4 Bg5 32.Kf2 Bh4+ 33.Kg1 Bxe2 34.Rfe1 Bxe1 35.Rxe1 Re4
36.Bxe2 Kh6 37.Kf2 Kg5 38.Bd3 Rf4+ 39.Kg2 h6 40.Bg6 Kh4 41.Rh1+  1-0

[Event "BUL-ch"]
[Site "Sofia"]
[Date "1985.??.??"]
[Round "2"]
[White "Georgiev, Krum"]
[Black "Peev, Peicho Chonev"]
[Result "0-1"]
[WhiteElo "2440"]
[BlackElo "2370"]

1.e4 g6 2.d4 Bg7 3.Nc3 d6 4.Be3 c6 5.Qd2 b5 6.h4 h5 7.f3 Nd7 8.Nh3 Nb6 9.Ng5 Rb8
10.O-O-O Nc4 11.Bxc4 bxc4 12.Nb1 d5 13.Qc3 Qb6 14.Rhe1 Rb7 15.Qa3 e6 16.Qc3 Nf6
17.Bf4 O-O 18.Bd6 Rd8 19.Bc5 Qc7 20.e5 Nd7 21.Bd6 Qb6 22.Qa3 Bf8 23.Bxf8 Rxf8
24.f4 c5 25.c3 Qc7 26.Rg1 Qc6 27.g4 Rb6 28.b3 cxb3 29.axb3 cxd4 30.Rxd4 hxg4
31.Rxg4 Nc5 32.b4 Qb5 33.Nd2 Ra6 34.Qb2 Nd3+ 35.Rxd3 Qxd3 36.h5 Bd7 37.hxg6 Rc8
38.c4 Rxc4+ 39.Nxc4 Qxc4+ 40.Kd1 Qf1+ 41.Kd2 Qf2+ 42.Kc1 Qe1+  0-1

[Event "BUL-ch"]
[Site "Sofia"]
[Date "1985.??.??"]
[Round "5"]
[White "Tringov, Georgi P"]
[Black "Peev, Peicho Chonev"]
[Result "1-0"]
[WhiteElo "2460"]
[BlackElo "2370"]

1.e4 g6 2.d4 Bg7 3.Nc3 d6 4.Nf3 c6 5.a4 a5 6.Be2 Nd7 7.Be3 Qc7 8.O-O Ngf6
9.Nd2 e5 10.d5 O-O 11.Nc4 Nc5 12.dxc6 Qxc6 13.f3 Re8 14.Qxd6 Bf8 15.Qxc6 bxc6
16.Rfd1 Nfd7 17.Nd6 Re6 18.Nxc8 Rxc8 19.Nb1 Kg7 20.Nd2 Nb6 21.b3 f5 22.Nc4 Nxc4
23.Bxc4 Ree8 24.exf5 gxf5 25.g3 Kf6 26.Kg2 Red8 27.Bd2 Ra8 28.Bc3 Bd6 29.Rd2 Bc7
30.Rad1 Rxd2+ 31.Rxd2 Ke7 32.Kh3 Nd7 33.Re2 Kd6 34.Bb2 Bb6 35.Ba3+ Nc5 36.Kh4 Rf8
37.Kg5 f4 38.g4 Re8 39.Bd3 Bd8+ 40.Kh6 Re6+ 41.Kxh7  1-0

[Event "BUL-ch"]
[Site "Sofia"]
[Date "1985.??.??"]
[Round "13"]
[White "Semkov, Semko"]
[Black "Georgiev, Krum"]
[Result "1/2-1/2"]
[WhiteElo "2415"]
[BlackElo "2440"]

1.d4 g6 2.e4 Bg7 3.Nc3 d6 4.Nge2 Nc6 5.h3 e5 6.Be3 exd4 7.Nxd4 Nge7 8.Bc4 O-O
9.O-O Nxd4 10.Bxd4 Be6 11.Bxe6 fxe6 12.Bxg7 Kxg7 13.f4 Qd7 14.Qd4+ Kg8 15.Rad1  1/2-1/2

[Event "Pugi mem"]
[Site "Toronto"]
[Date "1985.??.??"]
[Round "9"]
[White "Findlay, Ian T"]
[Black "Norwood, David"]
[Result "1-0"]
[WhiteElo "2310"]
[BlackElo "2335"]

1.e4 g6 2.d4 Bg7 3.Nc3 d6 4.Nf3 c6 5.Be2 Nd7 6.a4 e5 7.O-O Ngf6 8.dxe5 dxe5
9.b3 O-O 10.Ba3 Re8 11.Nd2 Bf8 12.Bxf8 Nxf8 13.Nc4 Qd4 14.Qd3 Ne6 15.Rfd1 Nf4
16.Qxd4 exd4 17.Rxd4 Nxe4 18.Rxe4 Rxe4 19.Nxe4 Nxe2+ 20.Kf1 Bf5 21.Ned6 Nd4
22.Rd1 Nxc2 23.Nxf5 gxf5 24.Rd7 b5 25.Ne5 Re8 26.f4 a6 27.Rd6 Ne3+ 28.Kf2 Ng4+
29.Nxg4 fxg4 30.Rxc6 bxa4 31.bxa4 Re4 32.Kg3 Rxa4 33.Kxg4 Ra2 34.Kh3 a5 35.g4 a4
36.Ra6 a3 37.f5 Kg7 38.Kg3 Ra1 39.Kh4 Rh1 40.h3 h5 41.gxh5 Ra1 42.h6+ Kg8
43.Kg5 a2 44.Kf6 Kh7 45.Ra8 Rb1 46.Rxa2 Rb6+ 47.Kxf7 Rb7+ 48.Kf6 Kxh6 49.Re2 Rb6+
50.Kf7 Rb1 51.f6 Kh7 52.Rg2 Rh1 53.Re2 Rxh3 54.Kf8 Ra3 55.f7 Ra8+ 56.Re8 Ra7
57.Rd8  1-0

[Event "Tirnavia-B"]
[Site "Trnava"]
[Date "1985.??.??"]
[Round "7"]
[White "Priehoda, Vitezslav"]
[Black "Terzic, Safet"]
[Result "1-0"]
[WhiteElo "2265"]
[BlackElo "2345"]

1.d4 g6 2.e4 Bg7 3.Nc3 d6 4.Be3 Nd7 5.f4 c5 6.Nf3 Ngf6 7.dxc5 Qa5 8.Qd2 Nxc5
9.e5 Ng4 10.Nd5 Qxd2+ 11.Bxd2 Rb8 12.h3 Nh6 13.g4 Bd7 14.O-O-O Bc6 15.Bb5 Nd7
16.Bc3 Kf8 17.Bxc6 bxc6 18.Nb4 c5 19.Nc6 Rb6 20.Nxa7 Ra6 21.Nb5 Rxa2 22.Kb1 Ra6
23.Rhe1 Rb6 24.exd6 e6 25.Bxg7+ Kxg7 26.Na3 Rhb8 27.b3 Rb4 28.Ne5 Nxe5 29.Rxe5 c4
30.Nxc4 Ng8 31.g5 Kf8 32.Rc5 Rd8 33.Rc7 f6 34.Na5 Rb5 35.Nc6  1-0

[Event "SWE-ch"]
[Site "Uppsala"]
[Date "1985.??.??"]
[Round "?"]
[White "Schutz, Ingemar"]
[Black "Johansson, Jan"]
[Result "0-1"]
[WhiteElo "2200"]
[BlackElo "2275"]

1.e4 g6 2.d4 Bg7 3.Nc3 d6 4.f4 Nc6 5.d5 Nb8 6.Be3 c6 7.Nf3 Nf6 8.Be2 O-O
9.O-O a5 10.a4 Na6 11.Nd2 cxd5 12.exd5 b6 13.Nc4 Rb8 14.Re1 Nb4 15.Bf3 Bf5
16.Rc1 Qc7 17.b3 Bd7 18.Nb5 Bxb5 19.axb5 Na2 20.Ra1 Nc3 21.Qd3 Nxb5 22.Nd2 Qd7
23.c4 Nc7 24.Ra2 Na6 25.Ra3 Ng4 26.Bxg4 Qxg4 27.Nf3 Nb4 28.Qd2 Qf5 29.Bd4 Nc2
30.Bxg7 Nxe1 31.Bxf8 Nxf3+ 32.gxf3 Qb1+ 33.Kg2 Rxf8 34.b4 axb4 35.Ra2 Qb3
36.Rb2 Qc3 37.Qxc3 bxc3 38.Rb3 Rc8 39.Rxc3 b5 40.Re3 bxc4  0-1